[Event "FRA-ch op-C"]
[Site "Nancy"]
[Date "2013.08.19"]
[Round "7"]
[White "De Talance, Aliaume"]
[Black "Girault, Simon"]
[Result "1/2-1/2"]
[WhiteElo "1716"]
[BlackElo "1797"]
[PlyCount "129"]
[EventDate "2013.08.11"]
[EventType "swiss"]
[EventRounds "11"]
[EventCountry "FRA"]
[SourceTitle "CBM 156 Extra"]
[Source "ChessBase"]
[SourceDate "2013.10.22"]
[SourceVersion "1"]
[SourceVersionDate "2013.10.22"]
[SourceQuality "1"]

1. e4 c6 2. d4 d5 3. Nc3 dxe4 4. Nxe4 Bf5 5. Ng3 Bg6 6. h4 h6 7. Nf3 Nd7 8. h5 Bh7 9. Bd3 Bxd3 10. Qxd3 Ngf6 11. Bd2 e6 12. 0-0-0 Qc7 13. Kb1 Bd6 14. Ne4 Nxe4 15. Qxe4 Nf6 16. Qe2 0-0-0 17. c4 c5 18. Bc3 Kb8 19. g3 Rhe8 20. dxc5 Qxc5 21. Bd4 Qf5+ 22. Ka1 e5 23. Be3 Ng4 24. c5 Nxe3 25. Qxe3 e4 26. cxd6 exf3 27. Qc3 Qf6 28. Qc7+ Ka8 29. d7 Rf8 30. Rc1 a6 31. Qc8+ Ka7 32. Qc5+ Qb6 33. Qxb6+ Kxb6 34. Rhd1 f6 35. Rd6+ Ka7 36. Rc3 Rf7 37. Rcd3 Kb8 38. R6d4 Re7 39. a3 Re2 40. Rxf3 Re7 41. Rfd3 Kc7 42. Rc4+ Kb8 43. Rcd4 Kc7 44. Ka2 Rexd7 45. Rxd7+ Rxd7 46. Rxd7+ Kxd7 47. Kb3 f5 48. Kc4 Kd6 49. f4 Kc6 50. Kd4 Kd6 51. a4 a5 52. Kc4 Kc6 53. b4 axb4 54. Kxb4 Kb6 55. a5+ Ka6 56. Ka4 b6 57. axb6 Kxb6 58. Kb4 Kc6 59. Kc4 Kd6 60. Kd4 Ke6 61. Kc5 Kf6 62. Kd6 g6 63. hxg6 Kxg6 64. Ke6 Kh5 65. Kxf5 1/2-1/2

[Event "FRA-ch op-C"]
[Site "Nancy"]
[Date "2013.08.15"]
[Round "4"]
[White "Gardet, Thomas"]
[Black "De Talance, Aliaume"]
[Result "0-1"]
[WhiteElo "1578"]
[BlackElo "1716"]
[PlyCount "144"]
[EventDate "2013.08.11"]
[EventType "swiss"]
[EventRounds "11"]
[EventCountry "FRA"]
[SourceTitle "CBM 156 Extra"]
[Source "ChessBase"]
[SourceDate "2013.10.22"]
[SourceVersion "1"]
[SourceVersionDate "2013.10.22"]
[SourceQuality "1"]

1. e4 d6 2. Nc3 Nf6 3. f4 g6 4. Nf3 Bg7 5. Bc4 0-0 6. 0-0 Nxe4 7. Nxe4 d5 8. Bd3 dxe4 9. Bxe4 Nd7 10. d4 c5 11. c3 cxd4 12. cxd4 Nf6 13. Bc2 Bg4 14. Kh1 Nd5 15. a3 Qb6 16. f5 Rad8 17. fxg6 hxg6 18. Bb3 Nc7 19. h3 Bxf3 20. Qxf3 e6 21. Ba2 Bxd4 22. Bh6 Bg7 23. Bxg7 Kxg7 24. Qf6+ Kg8 25. Rf4 Ne8 26. Qe5 Ng7 27. Raf1 Nf5 28. Rb4 Qd6 29. Qxd6 Rxd6 30. Rc1 Rd7 31. Bb1 Ne7 32. Be4 b6 33. Rbc4 Rfd8 34. Rc7 Kg7 35. Kh2 Ng8 36. Bf3 Nf6 37. b4 Rxc7 38. Rxc7 Rd7 39. Rxd7 Nxd7 40. g4 Ne5 41. Be2 f5 42. g5 Nc6 43. Kg3 e5 44. Bd1 Nd4 45. a4 Kf7 46. h4 Ke6 47. Kh3 e4 48. Kg2 e3 49. Kf1 f4 50. Bg4+ Ke5 51. h5 gxh5 52. Bxh5 Kf5 53. g6 Kf6 54. b5 f3 55. Bxf3 Nxf3 56. Ke2 Ng5 57. Kxe3 Ne6 58. Kd2 Nc5 59. a5 bxa5 60. Kc3 a4 61. Kb4 Kxg6 62. Ka3 Kf5 63. Kb4 Ke4 64. Ka3 Kd5 65. Ka2 Kc4 66. Ka3 Kc3 67. Ka2 Kb4 68. Kb2 a3+ 69. Ka2 Ka4 70. Ka1 Kb3 71. Kb1 Ne6 72. Ka1 Nd4 0-1

[Event "FRA-chT U20 GpA 1213"]
[Site "France"]
[Date "2013.01.06"]
[Round "7"]
[White "Claustre, Jordan"]
[Black "De Talance, Aliaume"]
[Result "1/2-1/2"]
[WhiteElo "1714"]
[BlackElo "1681"]
[PlyCount "110"]
[EventDate "2012.12.01"]
[EventType "team"]
[EventRounds "7"]
[EventCountry "FRA"]
[SourceTitle "EXT 2014"]
[Source "ChessBase"]
[SourceDate "2013.11.20"]
[SourceVersion "1"]
[SourceVersionDate "2013.11.20"]
[SourceQuality "1"]
[WhiteTeam "Sainte Foy (U20)"]
[BlackTeam "Vandoeuvre U20"]
[WhiteTeamCountry "FRA"]
[BlackTeamCountry "FRA"]

1. e4 d6 2. d4 Nf6 3. Nc3 g6 4. f4 Bg7 5. Nf3 0-0 6. Bd3 Nc6 7. Be3 Bg4 8. h3 Bxf3 9. Qxf3 e5 10. fxe5 dxe5 11. d5 Nd4 12. Qf2 Re8 13. 0-0 h6 14. Nb5 Nxb5 15. Bxb5 Rf8 16. Qf3 Nd7 17. Bd3 Qe7 18. c4 Nc5 19. Bc2 a5 20. Rab1 b6 21. b3 Na6 22. Rbd1 Rad8 23. Bc1 Rd7 24. a3 Ra8 25. Qc3 Bf8 26. Rf3 Qe8 27. Rdf1 Rc8 28. Qe1 Kh7 29. b4 axb4 30. Ba4 Rcd8 31. Bxd7 Rxd7 32. axb4 Nxb4 33. Bb2 Bc5+ 34. Kh1 Nc2 35. Qc3 Nd4 36. Rf6 Kg7 37. Ba3 Ne2 38. Qf3 Nf4 39. Rc6 Bxa3 40. Qxa3 Qe7 41. Qb2 Kg8 42. Ra1 Qg5 43. Ra8+ Kh7 44. Rc8 Qg3 45. R6xc7 Nd3 46. Rxd7 Kg7 47. Rxf7+ Kxf7 48. Qe2 Nf2+ 49. Kg1 Nxh3+ 50. Kf1 Nf4 51. Qf3 Qh2 52. g3 Qh3+ 53. Kf2 Qxc8 54. gxf4 Qc5+ 55. Kg3 Qg1+ 1/2-1/2

[Event "FRA-chT U20 GpA 1213"]
[Site "France"]
[Date "2012.12.02"]
[Round "3"]
[White "De Talance, Aliaume"]
[Black "Pillard, Valentin"]
[Result "1/2-1/2"]
[WhiteElo "1681"]
[BlackElo "1775"]
[PlyCount "115"]
[EventDate "2012.12.01"]
[EventType "team"]
[EventRounds "7"]
[EventCountry "FRA"]
[SourceTitle "EXT 2014"]
[Source "ChessBase"]
[SourceDate "2013.11.20"]
[SourceVersion "1"]
[SourceVersionDate "2013.11.20"]
[SourceQuality "1"]
[WhiteTeam "Vandoeuvre U20"]
[BlackTeam "Nancy (U20)"]
[WhiteTeamCountry "FRA"]
[BlackTeamCountry "FRA"]

1. e4 e6 2. d4 d5 3. Nd2 c5 4. exd5 Qxd5 5. dxc5 Bxc5 6. Ngf3 Nf6 7. Bc4 Qd8 8. 0-0 0-0 9. Qe2 Nbd7 10. Nb3 Be7 11. Rd1 Qc7 12. Bg5 b6 13. Nbd4 Bb7 14. Bb3 Rfd8 15. Bh4 Qc5 16. c3 a6 17. Re1 Re8 18. Rad1 Rad8 19. h3 Bxf3 20. Nxf3 b5 21. Rd3 Nf8 22. Rxd8 Rxd8 23. Rd1 Rxd1+ 24. Qxd1 Ng6 25. Bxf6 gxf6 26. Qd4 Qxd4 27. Nxd4 Ne5 28. Bc2 f5 29. Kf1 Kg7 30. Ke2 Kf6 31. f4 Nc4 32. b3 Nb6 33. g3 Kg6 34. g4 Nd5 35. gxf5+ exf5 36. Nxf5 Kf6 37. Nxe7 Kxe7 38. Bxh7 Nxf4+ 39. Ke3 Nxh3 40. Bf5 Ng5 41. Bc8 a5 42. Ba6 b4 43. c4 Ne6 44. Bb7 f6 45. Bf3 Kd6 46. Bg4 Nc5 47. Kd4 a4 48. bxa4 Nxa4 49. Bd1 Nc3 50. Bb3 f5 51. c5+ Kc6 52. Kc4 f4 53. Kxb4 Ne2 54. Bc4 f3 55. a4 Nf4 56. Bf1 Nd5+ 57. Kb3 Kxc5 58. a5 1/2-1/2